| 000 | 00585nam a22002057a 4500 | ||
|---|---|---|---|
| 003 | URS | ||
| 005 | 20250828100452.0 | ||
| 008 | 250326b ||||| |||| 00| 0 eng d | ||
| 040 | _cURS | ||
| 050 |
_aHD30.5 _b.T37 1976 |
||
| 100 |
_911682 _aTarrant, John J. |
||
| 245 |
_aDrucker _bThe man who invented the corporate society |
||
| 264 |
_aManila _bMolina's Copier Center _c©1976 |
||
| 300 |
_a300 pages.,: _c24 cm. |
||
| 336 |
_2rdacontent _atext |
||
| 337 |
_2rdamedia _aunmediated |
||
| 338 |
_2rdacarrier _avolume |
||
| 650 | 0 |
_911683 _aDrucker, Peter Ferdinand |
|
| 942 |
_2lcc _cCR |
||
| 999 |
_c84683 _d84681 |
||